<?xml version="1.0" encoding="UTF-8"?>
<record
    xmlns:xsi="http://www.w3.org/2001/XMLSchema-instance"
    xsi:schemaLocation="http://www.loc.gov/MARC21/slim http://www.loc.gov/standards/marcxml/schema/MARC21slim.xsd"
    xmlns="http://www.loc.gov/MARC21/slim">

  <leader>01211nam a22002537a 4500</leader>
  <controlfield tag="001">BRCA_9199</controlfield>
  <controlfield tag="003">FranzMayer</controlfield>
  <controlfield tag="005">20220809133107.0</controlfield>
  <controlfield tag="008">220711b        |||||||| |||| 00| 0 spa d</controlfield>
  <datafield tag="020" ind1=" " ind2=" ">
    <subfield code="a">9786078566174</subfield>
  </datafield>
  <datafield tag="040" ind1=" " ind2=" ">
    <subfield code="b">spa</subfield>
    <subfield code="c">MFM</subfield>
  </datafield>
  <datafield tag="041" ind1="1" ind2=" ">
    <subfield code="a">spa</subfield>
    <subfield code="a">eng</subfield>
  </datafield>
  <datafield tag="050" ind1=" " ind2=" ">
    <subfield code="a">NX175</subfield>
    <subfield code="b">M63 2018</subfield>
  </datafield>
  <datafield tag="245" ind1=" " ind2=" ">
    <subfield code="a">Modos de ver, hacer y usar = ways of seeing, making and using / </subfield>
    <subfield code="c">coord. ed. Martha Tappan, Blanche Toffel</subfield>
  </datafield>
  <datafield tag="260" ind1=" " ind2=" ">
    <subfield code="a">M&#xE9;xico : </subfield>
    <subfield code="b">Investigaciones y Estudios Superiores, Universidad An&#xE1;huac M&#xE9;xico, </subfield>
    <subfield code="c">2018</subfield>
  </datafield>
  <datafield tag="300" ind1=" " ind2=" ">
    <subfield code="a">191 p. :</subfield>
    <subfield code="b">il, fot. col. ;</subfield>
    <subfield code="c">20 x 28 cm. </subfield>
  </datafield>
  <datafield tag="500" ind1=" " ind2=" ">
    <subfield code="a">Ubicaci&#xF3;n: L59-N5</subfield>
  </datafield>
  <datafield tag="504" ind1=" " ind2=" ">
    <subfield code="a">Referencias: p. 187</subfield>
  </datafield>
  <datafield tag="520" ind1=" " ind2=" ">
    <subfield code="a">Modos de Ver, Hacer y Usar el dise&#xF1;o presenta una mirada retrospectiva del trabajo que se ha llevado a cabo en la Escuela de Dise&#xF1;o a lo largo de m&#xE1;s de una d&#xE9;cada. Durante estos a&#xF1;os, nuestra propuesta acad&#xE9;mica se ha ido enriqueciendo mediante una serie de actividades y vinculaciones estrat&#xE9;gicas con el sector p&#xFA;blico y privado de M&#xE9;xico y el extranjero. - Ricardo I. Salas Moreno</subfield>
  </datafield>
  <datafield tag="546" ind1=" " ind2=" ">
    <subfield code="a">Espa&#xF1;ol/Ingl&#xE9;s</subfield>
  </datafield>
  <datafield tag="650" ind1=" " ind2=" ">
    <subfield code="a">Artes</subfield>
    <subfield code="x">Dise&#xF1;o</subfield>
    <subfield code="x">Moda</subfield>
    <subfield code="x">Decoraci&#xF3;n de interiores</subfield>
    <subfield code="9">28440</subfield>
  </datafield>
  <datafield tag="942" ind1=" " ind2=" ">
    <subfield code="2">lcc</subfield>
    <subfield code="c">B</subfield>
  </datafield>
  <datafield tag="999" ind1=" " ind2=" ">
    <subfield code="c">10818</subfield>
    <subfield code="d">10818</subfield>
  </datafield>
  <datafield tag="952" ind1=" " ind2=" ">
    <subfield code="0">0</subfield>
    <subfield code="1">0</subfield>
    <subfield code="2">lcc</subfield>
    <subfield code="4">0</subfield>
    <subfield code="7">0</subfield>
    <subfield code="a">BRCA</subfield>
    <subfield code="b">BRCA</subfield>
    <subfield code="d">2022-07-11</subfield>
    <subfield code="l">0</subfield>
    <subfield code="o">NX175 M63 2018</subfield>
    <subfield code="p">CONT9972</subfield>
    <subfield code="r">2022-07-11 00:00:00</subfield>
    <subfield code="w">2022-07-11</subfield>
    <subfield code="y">B</subfield>
  </datafield>
</record>
